000
00227nam a2200097Ia 4500
005
20251222114346.0
008
251222s1900||||xx |||||||||||||| ||spa||
082
_a
DVD0090/D45/2004
245
0
_a
Difundiendo la verdad:
942
_c
DVD
999
_c
1056
_d
1056